Světla a stíny husitství (Události - osobnosti - texty - tradice) Výbor z úvah a studií
Saved in:
| Main Author | |
|---|---|
| Format | Electronic eBook |
| Language | Czech |
| Published |
Karolinum
2021
|
| Edition | 1. elektronické vydání |
| Subjects | |
| Online Access | Dostupné v BOOKPORT po přihlášení pomocí eduID |
| ISBN | 978-80-246-4632-9 978-80-246-4613-8 |
| Physical Description | 1 online zdroj (694 stran) |
| LEADER | 00000nam a2200000 i 4500 | ||
|---|---|---|---|
| 001 | bkp482398970 | ||
| 003 | CZ-prgp | ||
| 005 | 20210527135511.0 | ||
| 006 | m o d | ||
| 007 | cr cn | ||
| 008 | 210527s2021 xr o 000 0 cze | ||
| 020 | |a 978-80-246-4632-9 |c 410 Kč |q (online ; pdf) | ||
| 020 | |a 978-80-246-4613-8 |c 590 Kč |q (print) | ||
| 040 | |a Grada |b cze |e rda | ||
| 100 | 1 | |a Čornej, Petr | |
| 245 | 1 | 0 | |a Světla a stíny husitství (Události - osobnosti - texty - tradice) |b Výbor z úvah a studií |c Petr Čornej |
| 250 | |a 1. elektronické vydání | ||
| 264 | 1 | |b Karolinum |c 2021 | |
| 300 | |a 1 online zdroj (694 stran) | ||
| 336 | |a text |b txt |2 rdacontent | ||
| 337 | |a počítač |b c |2 rdamedia | ||
| 338 | |a online zdroj |b cr |2 rdacarrier | ||
| 520 | 3 | |a Kniha přináší 24 studií, původně publikovaných časopisecky i knižně. Tematicky se zaměřuje na problematiku husitské Prahy, věnuje se osobnosti Jana Žižky i kultuře a jazyku husitské epochy. Stranou neponechává ani "husitského krále" Jiřího z Poděbrad a formování českého stavovského státu. Závěrečný oddíl analyzuje podoby novodobé husitské tradice s důrazem na obraz husitství v krásné literatuře a ve filmu. Ve druhém vydání byly texty upraveny v souladu s novými poznatky a doplněny o základní novou odbornou literaturu. | |
| 650 | 0 | 4 | |a Dějiny |
| 856 | 4 | 0 | |u https://www.bookport.cz/AccountSaml/SignIn/?idp=https://shibboleth.utb.cz/idp/shibboleth&returnUrl=/kniha/svetla-a-stiny-husitstvi-udalosti-osobnosti-texty-tradice-7904/ |y Dostupné v BOOKPORT po přihlášení pomocí eduID |